El velo de Isis o Las mil y una noches ocultistas / (Record no. 132966)
[ view plain ]
| 000 -LEADER | |
|---|---|
| campo de control de longitud fija | 01096nam a2200313 4500 |
| 001 - NÚMERO DE CONTROL | |
| campo de control | 132966 |
| 003 - IDENTIFICADOR DE NÚMERO DE CONTROL | |
| campo de control | ES-MaACL |
| 005 - FECHA Y HORA DE LA ÚLTIMA TRANSACCIÓN | |
| campo de control | 20250814053136.0 |
| 007 - CAMPO FIJO DE DESCRIPCIÓN FÍSICA--INFORMACIÓN GENERAL | |
| campo de control de longitud fija | t| |
| 008 - DATOS DE LONGITUD FIJA--INFORMACIÓN GENERAL | |
| campo de control de longitud fija | 070214s1921 sp r ||||1| spa d |
| 080 ## - NÚMERO DE LA CLASIFICACIÓN DECIMAL UNIVERSAL | |
| Número de la Clasificación Decimal Universal | 821.411.21 |
| 080 ## - NÚMERO DE LA CLASIFICACIÓN DECIMAL UNIVERSAL | |
| Número de la Clasificación Decimal Universal | 133 |
| 080 ## - NÚMERO DE LA CLASIFICACIÓN DECIMAL UNIVERSAL | |
| Número de la Clasificación Decimal Universal | 141.332 |
| 080 ## - NÚMERO DE LA CLASIFICACIÓN DECIMAL UNIVERSAL | |
| Número de la Clasificación Decimal Universal | 821.411.21 Mil y una noches.07 |
| 100 1# - ENTRADA PRINCIPAL--NOMBRE DE PERSONA | |
| Nombre de persona | Roso de Luna, Mario, |
| Fechas asociadas al nombre | 1872-1931 |
| 9 (RLIN) | 99794 |
| 245 13 - MENCIÓN DEL TÍTULO | |
| Título | El velo de Isis o Las mil y una noches ocultistas / |
| Mención de responsabilidad, etc. | Mario Roso de Luna. |
| 260 ## - PUBLICACIÓN, DISTRIBUCIÓN, ETC. | |
| Lugar de publicación, distribución, etc. | Madrid : |
| Nombre del editor, distribuidor, etc. | Hesperia, |
| Fecha de publicación, distribución, etc. | 1921. |
| 300 ## - DESCRIPCIÓN FÍSICA | |
| Extensión | 224 p. ; |
| Dimensiones | 24 cm. |
| 490 1# - MENCIÓN DE SERIE | |
| Mención de serie | Obras completas de Mario Roso de Luna ; |
| Designación de volumen o secuencia | 20 |
| 490 1# - MENCIÓN DE SERIE | |
| Mención de serie | Biblioteca teosófica de las maravillas. Serie B ; |
| Designación de volumen o secuencia | 10 |
| 630 44 - PUNTO DE ACCESO ADICIONAL DE MATERIA--TÍTULO UNIFORME | |
| Título uniforme | Las mil y una noches. |
| 9 (RLIN) | 172996 |
| 650 #7 - PUNTO DE ACCESO ADICIONAL DE MATERIA--TÉRMINO DE MATERIA | |
| Término de materia o nombre geográfico como elemento de entrada | Teosofía |
| Fuente del encabezamiento o término | embne |
| 9 (RLIN) | 17478 |
| 650 #7 - PUNTO DE ACCESO ADICIONAL DE MATERIA--TÉRMINO DE MATERIA | |
| Término de materia o nombre geográfico como elemento de entrada | Ocultismo |
| Fuente del encabezamiento o término | embne |
| 9 (RLIN) | 15681 |
| 740 42 - ENTRADA AGREGADA--TÍTULO RELACIONADO/ANALÍTICO NO CONTROLADO | |
| Título relacionado o analítico no controlado | Las mil y una noches ocultistas. |
| 830 1# - PUNTO DE ACCESO ADICIONAL DE SERIE-TÍTULO UNIFORME | |
| Título uniforme | Obras completas de Mario Roso de Luna |
| Designación de volumen o secuencia | 20 |
| 9 (RLIN) | 186911 |
| 830 1# - PUNTO DE ACCESO ADICIONAL DE SERIE-TÍTULO UNIFORME | |
| Título uniforme | Biblioteca teosófica de las maravillas. Serie B ; |
| Designación de volumen o secuencia | 10 |
| 9 (RLIN) | 186919 |
| 852 ## - LOCALIZACIÓN | |
| Ubicación | ES-MaACL |
| Número de control de estantería | B-8583(3) |
| Nota libre | - Enc. con otras obras |
| Estatus retirado | Estado de pérdida | Estado de daño | No para préstamo | Biblioteca de origen | Biblioteca actual | Ubicación en estantería | Fecha de adquisición | Fuente de adquisición | Total de préstamos | Signatura topográfica completa | Código de barras | Visto por última vez | Precio de reemplazo | Tipo de ítem Koha |
|---|---|---|---|---|---|---|---|---|---|---|---|---|---|---|
| Biblioteca del Ateneo de Madrid | Biblioteca del Ateneo de Madrid | Sala Pardo Bazán | 17/01/2008 | B-8583(3) | 1138428 | 23/02/2023 | 23/02/2023 | Libro impreso |
